| 000 | 00988cam a2200277 a 4500 | ||
|---|---|---|---|
| 001 | 000003610 | ||
| 005 | 20200929150512.0 | ||
| 008 | 800221s1985 ag b 001 0 spa | ||
| 020 | _a9501800695 | ||
| 040 |
_aDO-SdBNP _cDLC _dDLC |
||
| 041 | 1 | 7 |
_aspa _heng _2código de idioma Marc |
| 082 |
_a813.54 _bS313p |
||
| 100 | 1 |
_aSchaub, Thomas H., _d1947- _911106 |
|
| 240 | 1 | 0 |
_aPynchon: the voice of ambiguity. _lEspañol |
| 245 | 1 | 0 |
_aPynchon: la voz de los ambiguo / _cThomas H. Schaub ; traductor, Christian Wildner. |
| 260 |
_aBuenos Aires : _bTres Tiempos, _c1985. |
||
| 300 |
_a189 p. ; _c20 cm. |
||
| 490 | 1 |
_aEnsayos ; _vno. 37 |
|
| 534 |
_aTítulo original: _tPynchon: the voice of ambiguity |
||
| 600 | 1 | 4 |
_aPYNCHON, THOMAS _xCRÍTICA E INTERPRETACIÓN _911107 |
| 650 | 4 |
_aAnbiguedad en literatura _911108 |
|
| 650 | 4 |
_aLiteratura estadounidense _9263 |
|
| 700 | 1 |
_aWildner, Christian, _etr. _911109 |
|
| 830 | 0 |
_aEnsayos ; _vno. 37 _911110 |
|
| 910 | _aCatalogación por copia / LC | ||
| 999 |
_c3434 _d3434 |
||